| 000 | 01410nac a22002771u 4500 | ||
|---|---|---|---|
| 008 | 080803t xxu||||| |||| 00| 0 eng d | ||
| 010 | _a 2005934929 | ||
| 020 | _a0672328739 | ||
| 082 | 0 | 0 |
_a005.133 _bMEL |
| 100 |
_aMeloni, Julie C. _910109 |
||
| 245 | 1 | 0 |
_aPHP, MYSQL, and Apache / _cJulie Meloni. |
| 250 | _a3rd ed. | ||
| 260 |
_aIndianapolis, Ind. : _bSams,2007 _cc2007. |
||
| 300 |
_axix, 601 p. : _bill. ; _c24 cm. + _e1 CD-ROM (4 3/4 in.) |
||
| 490 | 0 | _aSams teach yourself all in one | |
| 500 | _aIncludes index. | ||
| 500 | _adistributer: Al-Ahram | ||
| 511 | _acatalogued by: wessam. | ||
| 650 | 0 |
_aWeb site development. _910110 |
|
| 650 | 0 |
_aPHP (Computer program language) _910111 |
|
| 942 |
_cBB _k005.133MEL _2ddc |
||
| 999 |
_c5816 _d5816 |
||